Univerzálna banková poisťovňa a. s. výročná správa 2001

Guardado en:
Detalles Bibliográficos
Formato: Libro
Lenguaje:eslovaco
inglés
Publicado: Bratislava Univerzálna banková poisťovňa, a.s. [2002]
Materias:
Etiquetas: Agregar Etiqueta
Sin Etiquetas, Sea el primero en etiquetar este registro!

MARC

LEADER 00000nam$a2200000$$$4500
001 0014227
005 20240108123810.2
041 0 |a slo 
041 0 |a eng 
044 |a SK 
245 1 0 |a Univerzálna banková poisťovňa a. s.  |b výročná správa 2001 
264 1 |a Bratislava  |b Univerzálna banková poisťovňa, a.s.  |c [2002] 
300 |a 34 s. 
610 2 0 |a poisťovne 
610 2 0 |a poisťovníctvo 
610 2 0 |a banky 
610 2 0 |a štruktúra organizačná 
610 2 0 |a výkazy účtovné